Obchodní jednání a národní zvyklosti: Angola

Zvyklosti a zákonitosti obchodných rokovaní v Angole, pracovné návyky, vzťahy medzi ľuďmi. Verbálna a neverbálna komunikácia, význam času. Obliekanie, stolovanie, viera. Širší rámec kultúrnych osobitostí.

Salvato in:
Dettagli Bibliografici
Autore principale: Kopecký, Robert
Natura: Capitolo di libro
Lingua:ceco
Soggetti:
Tags: Aggiungi Tag
Nessun Tag, puoi essere il primo ad aggiungerne!!

MARC

LEADER 00000naa a2200000 4500
001 r047847
005 20230908091447.6
041 0 |a cze 
044 |a CZ 
245 1 0 |a Obchodní jednání a národní zvyklosti: Angola  |c Robert Kopecký 
520 |a Zvyklosti a zákonitosti obchodných rokovaní v Angole, pracovné návyky, vzťahy medzi ľuďmi. Verbálna a neverbálna komunikácia, význam času. Obliekanie, stolovanie, viera. Širší rámec kultúrnych osobitostí. 
610 2 0 |a rokovania obchodné 
610 2 0 |a partneri obchodní 
610 2 0 |a Angola 
610 2 0 |a zvyklosti obchodné 
610 2 0 |a komunikácia 
610 2 0 |a stolovanie 
610 2 0 |a náboženstvo 
610 2 0 |a kultúra 
100 1 |a Kopecký, Robert